00845nam a2200289Ia 4500008004100000020001900041100002200060245005100082245002200133250003100155260001500186260002000201260000900221300001700230300001000247500006400257650003400321650002300355650001700378650001600395650005700411650001300468650002200481650002200503650002200525700000800547160803s9999 xx 000 0 und d a978-0439668217 aPhilbrick, Rodman 4aThe mostly true adventures of Homer P. Figg /  cRodman Philbrick. aLiterature Circle edition. aNew York : bScholastic Inc. c2009 a220 pages ;  c20 cm a"An American Library Association notable book"--Back cover. aAdventure and adventurers --  aAdventure stories. aBrothers --  aOrphans --  aUnited States -- History -- Civil War, 1861-1865 --  xFiction. xJuvenile fiction. xJuvenile fiction. xJuvenile fiction. a950